It's Still Rock and Roll to Me - Billy Joel - Lyrics - Statistics

General Stats
  • This quiz has been taken 129 times
  • The average score is 251 of 314
Answer Stats
Lyrics % Correct
you
100%
You
100%
I
99%
the
99%
me.
98%
to
98%
a
97%
A
97%
it
97%
and
95%
And
95%
it's
95%
its
95%
It's
95%
rock
95%
roll
95%
still
94%
Can't
93%
can't
93%
with
93%
matter
92%
new
92%
that
92%
what
92%
What's
92%
be
91%
I'm
91%
of
91%
tell
90%
too
90%
wearing?
89%
clothes
87%
out
87%
but
85%
But
85%
but,
85%
Are
84%
are
84%
mile?
84%
old
84%
sound,
84%
sound
84%
your
84%
Your
84%
style?
83%
white
83%
tie's
82%
car
80%
driving?
80%
get
80%
if
79%
If
79%
miracle
79%
should
79%
Should
79%
baby,
78%
baby
78%
gonna
78%
honey?
78%
lot
78%
money.
78%
money
78%
in
77%
cruise
76%
funny,
76%
Funny,
76%
tires?
76%
they
74%
age
72%
bout
72%
pair
72%
talkin'
72%
been
71%
just
71%
set
71%
spend
71%
wide?
71%
back
70%
bright
70%
could
70%
doesn't
70%
Don't
70%
jive.
70%
same
70%
sentimental.
70%
then
70%
wall
70%
Everybody's
69%
magazine...
69%
on
69%
junk,
68%
much.
68%
pants?
68%
papers
68%
chance.
67%
from
67%
funk,
67%
half
67%
have
67%
student?
67%
wave,
67%
always
66%
Maybe
66%
orange
66%
say
66%
straight
66%
Welcome
66%
about
64%
blue
64%
Continental.
64%
know
64%
lately,
64%
scene.
64%
Where
64%
average
63%
give
63%
Hot
63%
think
63%
touch?
63%
anyways,
62%
even
62%
sneakers.
62%
try
62%
whole
62%
best
61%
buy
61%
Cause
61%
craze,
61%
dance
61%
dress
61%
Nowadays
61%
speakers,
61%
cheap
60%
more
60%
some
60%
There's
60%
All
59%
hidin'
59%
How
59%
need
59%
punk,
59%
really
59%
till
59%
town,
59%
bet's
57%
mileage
57%
Next
57%
next
57%
story
57%
teen.
57%
waste
57%
lotta
56%
they're
56%
cool
55%
looks
55%
fashion
54%
Oh,
53%
sidewinders,
53%
phase,
52%
collars.
51%
pink
48%
seeing?
47%
tab
47%
true,
46%
crowd
43%
trashy
43%
at
41%
Well
41%
Aimed
39%
Beau
37%
band
34%
Brummel
32%
No matching quizzes found
Score Distribution
Percent of People with Each Score
Percentile by Number Answered
Your Score History
You have not taken this quiz